Statistics for Jackie Chan Filmography

Click here to take the quiz!

General Stats

  • This quiz has been taken 155 times
    (7 since last reset)
  • The average score is 39 of 219

Answer Stats

TypeYearName% Correct
Film1998Rush Hour
86%
Film2007Rush Hour 3
86%
Film2001Rush Hour 2
71%
Film2010The Karate Kid
71%
Documentary2003Cinema Hong Kong: Kung Fu
57%
Film2008Kung Fu Panda
57%
Film1993Once a Cop
57%
Film1985Police Story
57%
Film1988Police Story 2
57%
Film1996Police Story 4: First Strike
57%
Film1986Armour of God
43%
Film1991Armour of God II: Operation Condor
43%
Film1978Drunken Master
43%
TV Show2000-2005Jackie Chan Adventures
43%
Video Game2001Jackie Chan Adventures
43%
Film2011Kung Fu Panda 2
43%
Film2016Kung Fu Panda 3
43%
Film1998Mulan
43%
Film1992Police Story 3: Super Cop
43%
Film2023Teenage Mutant Ninja Turtles: Mutant Mayhem
43%
Film2017The Lego Ninjago Movie
43%
Film2003The Medallion
43%
Film2010The Spy Next Door
43%
Film2002The Tuxedo
43%
Film1998Who Am I?
43%
Film2024A Legend
29%
Film2004Around the World in 80 Days
29%
Film1993City Hunter
29%
Film1966Come Drink with Me
29%
Film1988Dragons Forever
29%
Film1994Drunken Master II
29%
Film1973Enter the Dragon
29%
Film2023Hidden Strike
29%
Film2019Iron Mask
29%
Video Game1995Jackie Chan in Fists of Fire
29%
TV Documentary2018Jackie Chan's Green Heroes
29%
Video Game2000Jackie Chan Stuntmaster
29%
Film2024Kung Fu Panda 4
29%
Film2017Kung Fu Yoga
29%
Film1997Mr. Nice Guy
29%
Film2004New Police Story
29%
Film2013Police Story 2013
29%
Film2023Ride On
29%
Film1995Rumble in the Bronx
29%
TV Show2000Saturday Night Live
29%
Film2003Shanghai Knights
29%
Film2000Shanghai Noon
29%
Film2016Skiptrace
29%
Film2019The Climbers
29%
Film2017The Foreigner
29%
Film2019The Knight of Shadows: Between Yin and Yang
29%
Film1995Thunderbolt
29%
Film1992Twin Dragons
29%
Film2020Vanguard
29%
Film20111911
14%
Film1992A Kid from Tibet
14%
Film1975All in the Family
14%
Film2021All U Need Is Love
14%
Film1973Ambush
14%
Film2014As the Light Goes Out
14%
Documentary2008A Touch of Beijing
14%
Film1971A Touch of Zen
14%
Film1991Beauty and the Beast
14%
Film2021Beijing: Wan Jiu Zhao Wu
14%
Film1962Big and Little Wong Tin Bar
14%
Documentary1996Biography: Jackie Chan: From Stuntman to Superstar
14%
Film2017Bleeding Steel
14%
Film1984Cannonball Run II
14%
Film1991Center Stage
14%
Film1993Crime Story
14%
Film2012CZ12
14%
Film1976Dance of Death
14%
Commercial2006Diet Pepsi
14%
Film2015Dragon Blade
14%
Film1979Dragon Fist
14%
Film2000Dragon Heat
14%
Film1982Dragon Lord
14%
Film2004Enter the Phoenix
14%
Film1973Facets of Love
14%
Film1983Fantasy Mission Force
14%
Film1983Fearless Hyena Part II
14%
Film1972Fist of Fury
14%
Film1973Fist of Unicorn
14%
Film1979Fists and Guts
14%
Film1974Fist to Fist
14%
Film1973Freedom Strikes a Blow
14%
Film1999Gen-X Cops
14%
Film1999Gorgeous
14%
Film1978Half a Loaf of Kung Fu
14%
Film1976Hand of Death
14%
Film1972Hapkido
14%
TV Show2013Happy Camp
14%
TV Show2014Happy Together
14%
Film1985Heart of Dragon
14%
Film1979Immortal Warriors
14%
Film1990Island of Fire
14%
Documentary1998Jackie Chan: My Story
14%
Documentary1999Jackie Chan: My Stunts
14%
Film1976Killer Meteors
14%
Film1973Kung Fu Girl
14%
TV Short2010Kung Fu Panda Holiday
14%
Film1970Lady of Steel
14%
Film2010Little Big Soldier
14%
Film1973Little Tiger of Canton
14%
Film2009Looking for Jackie
14%
Film1978Magnificent Bodyguards
14%
TV Show1997Martin
14%
Film1979Master with Cracked Fingers
14%
Documentary2008Mega Cities: Hong Kong
14%
Film1989Miracles
14%
Film2015Monkey King: Hero Is Back
14%
Film1985My Lucky Stars
14%
Film2017Namiya
14%
Film1986Naughty Boys
14%
Film1976New Fist of Fury
14%
Film2025New Police Story 2
14%
Film1975No End of Surprises
14%
Film1973Not Scared to Die
14%
Film1988Painted Faces
14%
Commercial1997Pepsi Max
14%
Film2013Personal Tailor
14%
Film1973Police Woman
14%
Film1984Pom Pom
14%
Film1983Project A
14%
Film1987Project A Part II
14%
Film2024Project P
14%
Film2016Railroad Tigers
14%
Film2006Rob-B-Hood
14%
TV Show2013Running Man
14%
Film2011Shaolin
14%
Film1976Shaolin Wooden Men
14%
Film2009Shinjuku Incident
14%
Film1978Snake & Crane Arts of Shaolin
14%
Film1978Snake in the Eagle's Shadow
14%
Film1978Spiritual Kung Fu
14%
Film1972Stranger from Hong Kong
14%
Film1977The 36 Crazy Fists
14%
Film2001The Accidental Spy
14%
Film1971The Angry River
14%
Film1973The Awaken Punch
14%
Documentary1990The Best of the Martial Arts Films
14%
Film1980The Big Brawl
14%
Film1971The Blade Spares None
14%
Film1972The Brutal Boxer
14%
Film1981The Cannonball Run
14%
TV Show2008The Disciple
14%
Film1966The Eighteen Darts (Part 1)
14%
Film1966The Eighteen Darts (Part 2)
14%
Film1979The Fearless Hyena
14%
Film2008The Forbidden Kingdom
14%
Film2009The Founding of a Republic
14%
Film1972The Game of Death
14%
Film1974The Golden Lotus
14%
Film2006The Heavenly Kings
14%
Film1975The Himalayan
14%
Documentary Series1989The Incredibly Strange Film Show
14%
Film2010The Legend of Silk Boy
14%
Short Film2016The Master
14%
Film2005The Myth
14%
Film2017The Nut Job 2: Nutty by Nature
14%
Film1976The Private Eyes
14%
Film1985The Protector
14%
Film2003The Twins Effect
14%
Short Film2013The Unbelievable
14%
Film1975The Young Dragons
14%
Film1980The Young Master
14%
Film1977To Kill with Intrigue
14%
Documentary2003Traces of a Dragon
14%
Film1985Twinkle, Twinkle Lucky Stars
14%
Film1978Two in Black Belt
14%
Film1974Village of Tigers
14%
Film1984Wheels on Meals
14%
Film1983Winners and Sinners
14%
Film2021Wish Dragon
14%
Film2008Wushu
14%
Documentary2019Xing Guang
14%
Commercial20082008 Beijing Summer Olympic Games
0%
Film1998An Alan Smithee Film: Burn Hollywood Burn
0%
Commercial1983Aron Alpha
0%
Commercial2002, 2006CableFlex
0%
Commercial2004Canadian Blood Services
0%
Film2012Chinese Zodiac
0%
Film2019Cinema Cafe with Jackie Chan
0%
Documentary2017Earth: One Amazing Day
0%
FilmTBAFive Against a Bullet
0%
Film2000Gen-Y Cops
0%
Commercial2013GLAAD
0%
Commercial2003Hanes Tagless T-Shirts
0%
Commercial2004Heart and Stroke Foundation of Canada
0%
Commercial2004Hefty Trash Bags
0%
TV Show1965I Spy
0%
TV Documentary2021Jackie Chan: Building an Icon
0%
DocumentaryTBAJackie Chan: Down to Earth
0%
Documentary2002Jackie Chan: Fast, Funny and Furious
0%
Short Documentary2001Jackie Chan's Hong Kong Tour
0%
Short Documentary2010Jackie Chan: Stunt Master and Mentor
0%
TV Documentary2004Jackie Chan: The Inside Story
0%
Documentary1990Jackie Chan: The Kung Fu Years
0%
Commercial2010Kapersky Internet Security
0%
Film1999Lung Feng
0%
Commercial1997Mountain Dew
0%
Film1985Ninja Thunderbolt
0%
FilmTBAOnce Upon a Zodiac
0%
TV Show2017On the Scene with Lindalee
0%
Commercial2007Oronamin C
0%
TV Show2003Player$
0%
Film1973Snake Fist Fighter
0%
Film1973Superman Against the Orient
0%
Commercial1999TD Waterhouse
0%
Film1987That Enchanting Night
0%
Documentary2002The Art of Action: Martial Arts in Motion Picture
0%
Film2021The Handsome
0%
Film1963The Love Eterne
0%
Documentary1997The Making of Jackie Chan's 'Mr. Nice Guy'
0%
Film1964The Story of Qin Xiang Lin
0%
Film2004The Twins Effect II
0%
Commercial2011-2012V-8
0%
Film2019Viy 2: Journey to China
0%
Music Video2000Yeah, Yeah, Yeah
0%

Score Distribution

Percentile by Number Answered

Percent of People with Each Score

Your Score History

You have not taken this quiz since the last reset